| 000 | 00489nam a2200169 a 4500 | ||
|---|---|---|---|
| 001 | 2054 | ||
| 003 | CDMR | ||
| 005 | 20130320111458.0 | ||
| 008 | 130130s1997||||||||||||||||||||||||||||d | ||
| 020 | _a8489727333 | ||
| 040 |
_aCDMR _bcat _cCPC LLEIDA |
||
| 100 | 1 |
_aPassola Tejedor, Antoni _91529 |
|
| 245 | 1 | 3 |
_aLa historiografía sobre el municipio en la España moderna _cAntoni Passola Tejedor |
| 260 |
_aLleida _c1997 _bUniversitat de Lleida |
||
| 490 | 0 |
_aEspai/Temps _v30 |
|
| 942 |
_cMON _2udc |
||
| 999 |
_c2054 _d2054 |
||